| 000 | 00734nam a2200217 4500 | ||
|---|---|---|---|
| 001 | 3657 | ||
| 005 | 20230410130542.0 | ||
| 008 | 060907n1996 dr spa | ||
| 020 | _a0198711220 | ||
| 035 | _9funglode3676 | ||
| 041 | _aEN | ||
| 050 | 1 | 4 | _aPN 1992.3 N532 1996 |
| 245 | 0 |
_aNew patterns in global television : _bperipheral vision / _cedited by John Sinclair, Elizabeth Jacka, and Stuart Cunningham |
|
| 260 |
_aNew York : _bOxford University Press, _c1996 |
||
| 300 | _axii, 238 p. | ||
| 650 | 4 |
_aTeledifusión _vPaíses en desarrollo |
|
| 650 | 4 |
_aTeledifusión _vCanada |
|
| 650 | 4 |
_aTeledifusión _vAustralia |
|
| 700 | _aSinclair, John, ed / Jacka, Elizabeth, ed / Cuningham, Stuart, ed | ||
| 942 |
_2lcc _cbk |
||
| 999 |
_c75994 _d75994 |
||